'L' Movies by Poster Quiz Stats

 Plays Quiz Updated Apr 30, 2016

Challenge
Share
Tweet
Score 0/20 Timer 05:00
10 Plays Today
% Correct
The Lion King
99.4%
The Little Mermaid
96%
Lady and the Tramp
93.9%
Lilo and Stitch
87%
Legally Blonde
85%
Lara Croft: Tomb Raider
84.5%
Liar Liar
82%
Little Miss Sunshine
75.7%
The Land Before Time
71.6%
Lawrence of Arabia
71.5%
% Correct
Lethal Weapon
71.3%
The Legend of Zorro
64.9%
The Last Samurai
64.1%
The Last of the Mohicans
57.4%
Little Nicky
56.8%
The League of Extraordinary Gentlemen
45.4%
Leatherheads
38.2%
Life is Beautiful
29.5%
Life of Brian
16.4%
Letters to Juliet
15.2%

You're not logged in!

Compare scores with friends on all Sporcle quizzes.
OR
Log In

You Might Also Like...

Show Comments

Extras

Top Quizzes Today


Score Distribution

Your Account Isn't Verified!

In order to create a playlist on Sporcle, you need to verify the email address you used during registration. Go to your Sporcle Settings to finish the process.

Report this User

Report this user for behavior that violates our Community Guidelines.

Details: